000 00705nam a2200229 a 4500
001 BRCA_2572
005 20190320203854.0
008 271108s1900----enka---###---#000-0#eng-#
050 4 _aNE885
_b.S52 1900
100 1 _aSlater, John Herbert
_d1854-1921
_97351
245 1 0 _aEngravings and their value
_ba guide for the print collector
_cby J. Herbert Slater.
260 _aLondon
_bL. Upcott Gill
_c1900
300 _a625 p.
_bil.
_c18 cm.
500 _aIncluye apéndice
500 _aA42
650 1 4 _aGrabadores
_97352
650 1 4 _aMarcas de grabadores
_97353
650 1 4 _aGrabado
_vBibliografĂ­a
_97354
650 1 4 _aGrabados
_xColeccionistas y colecciones
_97355
902 _aGFM
942 _2lcc
_cB
999 _c2312
_d2312